| 000 | 01049nam a22003134i 4500 | ||
|---|---|---|---|
| 999 |
_c135611 _d135611 |
||
| 001 | 991061509413006706 | ||
| 003 | ES-BaBAB | ||
| 005 | 20260324132142.0 | ||
| 008 | 251030e202510 spc 000 0 cat|c | ||
| 017 |
_aB. 14.634-2025 _bBiblioteca de Catalunya |
||
| 020 | _a9788429782882 | ||
| 040 |
_aES-BaBAB _bcat _erda _cES-BaBAB |
||
| 041 | 1 |
_afre _hcat |
|
| 080 | _a321.01 | ||
| 100 | 1 |
_aDa Empoli, Giuliano _eautor _9268212 |
|
| 240 | 1 | 2 |
_aL'heure des prédateurs. _lFrancès |
| 245 | 1 | 2 |
_aL'hora dels depredadors / _cGiulaniano da Empoli ; traducció de Josep M. Pimto |
| 250 | _aPrimera edició | ||
| 264 | 1 |
_aBarcelona : _bEdicions 62, _coctubre del 2025 |
|
| 300 |
_a145 pàgines ; _c22 cm |
||
| 336 |
_atext _btxt _2rdacontent |
||
| 337 |
_asense mediació _bn _2rdamedia |
||
| 338 |
_avolum _bnc _2rdacarrier |
||
| 490 | 1 | _aLlibres a l'abast | |
| 500 | _aTítol original: L'heure des prédateurs | ||
| 650 | 0 | 7 |
_aPoder (Ciències socials) _2lemac _9128554 |
| 650 | 0 | 7 |
_aNegocis i política. _2lemac _9169612 |
| 650 | 0 | 7 |
_aInternet _xIndústria i comerç _2lemac _992157 |
| 830 |
_aLlibres a l'abast _922286 |
||
| 908 | _aBAB | ||
| 940 | _aBAB | ||
| 942 |
_2udc _cLIB _07 |
||